000 00278nam a2200121Ia 4500
008 191201s2018 xx 000 0 und d
100 _aRAWAT, Tarun Kumar
245 0 _aSignals and Systems
260 _bOxford
_c2018
300 _a890
650 _aB.Tech(ECE)
942 _2ddc
_cBK
999 _c7086
_d7086